000 00478nam a2200157 4500
001 122608
003 ES-MaACL
005 20230906192017.0
007 t|
008 070214s1935 ag r ||||1| spa d
100 1 _aPuig, Ignacio.
_994227
245 1 3 _aEl Observatorio de San Miguel República Argentina /
_cIgnacio Puig director del mismo observatorio.
260 _aBuenos Aires :
_bAmorrortu,
_c1935.
300 _a40 p. :
_bil. ;
_c23 cm.
852 _aES-MaACL
_j1820-F-21
999 _c122608
_d122608